=LDR 00000nam 2200000 4500 =001 001219 =005 20250712122435 =035 ##$$a 0010-0725000707 =007 ta =008 250712################a##########0#ind## =020 ##$$a 978-623-472-672-5 =082 ##$$a 398.209 598 =084 ##$$a 398.209 598 MEN i =100 #$$a menon suraj J =245 1#$$a ini ikanku! bukan, ini ikanku! /$c suraj J menon =250 ##$$a pertama =260 ##$$a jakarta :$b pusat pengembangan dan pembinaan bahasa,$c 2022 =300 ##$$a 20hlm. : $b ilus. ; $c 22,9cm =650 #4$$a cerita anak indonesia terjemahan =650 #4$$a literasi bahan bacaan